00358nam a2200121 a 450000500170000000800410001705000170005824500110007526000670008630000350015365000290018865000190021720140414093841.0071030s19uu xx uuu eng d aDVD 790bWUS aWushu. aChina :bCentre of International Cultural Exchange, China for. a1 videodisk (30 min.) ; sd. co aCultural Center of China aTV documentary